Campaña producción Nacional : España produce cuanto necesitáis. Comprad artículos nacionales, favoreced al producto español / [Comité de Propaganda Popular] España produce cuanto necesitáis. Comprad artículos nacionales, favoreced al producto español / [Comité de Propaganda Popular]
MARC
| LEADER | 00000nam a2200000Ia 4500 | ||
|---|---|---|---|
| 001 | 19533 | ||
| 008 | 160829s1927? - 1929?] xx 000 0 cat d | ||
| 080 | |a RF-6-4 | ||
| 100 | |a Espanya. Comité de Propaganda Popular |9 46712 | ||
| 245 | |a Campaña producción Nacional : |b España produce cuanto necesitáis. Comprad artículos nacionales, favoreced al producto español / [Comité de Propaganda Popular] | ||
| 260 | |a [s.l. : |b s.n., |c 1927? - 1929?] | ||
| 300 | |a [31] f. solts en un sobre ; |c 13 x 17 cm | ||
| 590 | |a És un sobre amb propaganda sobre el consum de productes nacionals. | ||
| 590 | |a D'interès com a material per a exposicions. | ||
| 590 | |a A la part posterior del sobre: Consume productos nacionales, no perjudiques la economía de la patria. Coopera a la prosperidad de España. | ||
| 590 | |a Prové de 3930, exp. 723 | ||
| 650 | |a Producció |9 46713 | ||
| 650 | |a Espanya |9 67081 | ||
| 856 | 4 | |u https://media.diba.cat/diba/fitxers/arxiu/fulletons/bib_19533_1927_1929_baixa.pdf |y Accés lliure | |
| 856 | 4 | |u https://media.diba.cat/diba/fitxers/arxiu/fulletons/bib_19533_1927_1929_baixa.pdf |y Accés lliure | |
| 901 | |a Arxiu | ||
| 942 | |n 1 |2 udc | ||
| 952 | |0 0 |1 0 |4 0 |6 RF64 |7 1 |9 53405 |a Arxiu |b Arxiu |d 2016-12-01 |l 0 |o RF-6-4 |p 19533 |r 2016-12-01 00:00:00 |w 2016-12-01 |y ARXIU | ||
| 999 | |c 57270 |d 57270 | ||
| 900 | |a bib_19533_1927_1929_baixa.pdf | ||